000 00489nam a2200193 a 4500
001 1770212243853
003 YourLibrary
005 20260204191112.0
008 260204s2006##################000#0#eng##
020 _a9780415952774
082 0 4 _a305.8960
_bFEA
100 1 _aFeagin, Joe R.,
_eauthor.
245 1 0 _aSystemic Racism :
260 _bTaylor & Francis,
_c2006.
300 _a400 pages
650 0 _aPsychology.
942 _cENGLISH
040 _aYourLibrary
_beng
_cYourLibrary
999 _c610172
_d610172